Yüklüyor......
Software engineering
| Yazar: | |
|---|---|
| Materyal Türü: | Printed Book |
| Dil: | English |
| Baskı/Yayın Bilgisi: |
Noida
Pearson
2014
|
| Edisyon: | 9th ed. |
| Konular: |
| LEADER | 00604 a2200193 4500 | ||
|---|---|---|---|
| 005 | 20151026133412.0 | ||
| 008 | 150707b xxu||||| |||| 00| 0 eng d | ||
| 020 | |a 9789332518858 | ||
| 080 | |a 004.41 |b SOM"2014" | ||
| 100 | |a Sommerville, Ian | ||
| 245 | |a Software engineering | ||
| 250 | |a 9th ed. | ||
| 260 | |b Pearson |a Noida |c 2014 | ||
| 300 | |a 700p. | ||
| 653 | |a Software engineering | ||
| 653 | |a Computer science | ||
| 942 | |c BK |6 _ | ||
| 999 | |c 70180 |d 70180 | ||
| 952 | |0 0 |1 0 |2 udc |4 0 |6 00441_SOM2014 |7 0 |9 82276 |a UL |b UL |d 2015-03-02 |g 0.00 |l 3 |o 004.41 SOM"2014" |p 00073158 |r 2015-09-28 |s 2015-09-28 |v 0.00 |w 2015-03-02 |y BK | ||